000 01289nam0a22003251 4500
001 rc\4793210
005 20250612215616.0
021 _aRU
_b[58-33221]
035 _a(NLR Aleph) 008867584
090 _a8500689
_c8500689
100 _a20130426d1958 |||y0rusy50 ca
101 0 _arus
102 _aRU
105 _aa b |||||
200 1 _aНа Черном море
_e[Записки командира торпедного катера
210 _aМосква
_cВоениздат
_d1958]
215 _a48 с.
_cил.
_d17
225 1 _aБиблиотечка журнала "Советский моряк"
_v[№ 1]
300 _aПеред загл. авт.: Герой Советского Союза А. Черцов
601 0 2 _aЧерноморский флот
_xБоевые действия
_z1941 - 1945
_92416564
_3RU\NLR\AUTH\661439431
606 1 _aТорпедные катера советские
_xБоевые действия
_z1941 - 1945
_92571797
_3RU\NLR\AUTH\6601732172
686 1 _aЦ35(2)722-66,013
686 1 _aЦ35(2)722.83,013
700 1 _aЧерцов
_bА.Е.
_f1917-2016
_gАндрей Ефимович
_4070
801 0 _aRU
_bNLR
_gpsbo
801 1 _aRU
_bELAR
_2rusmarc
852 _aNLR
_j58-2/1302
942 _cBOOK
980 _aNB